| 000 | 00435nam a22001697a 4500 | ||
|---|---|---|---|
| 999 |
_c531693 _d531693 |
||
| 003 | NUST | ||
| 005 | 20191023135435.0 | ||
| 008 | 191023b ||||| |||| 00| 0 eng d | ||
| 038 | _aMSOHAIL | ||
| 082 | _a0 | ||
| 100 | _924638 | ||
| 245 | _aGreater Islamabad - Rawalpindi area transportation study (GIRATS) - Final Report | ||
| 250 | _avol-1 | ||
| 260 |
_aIslamabad _bNTRC _c1995 |
||
| 300 |
_av.p. _c25cm _eH.B. |
||
| 942 |
_2ddc _cBK |
||